Countries by average number of sexual partners - Statistics

General Stats
  • This quiz has been taken 463 times
  • The average score is 11 of 15
Answer Stats
Hint Answer % Correct
10.7 United States
97%
10.7 Canada
89%
11.8 Sweden
84%
12.1 Norway
83%
12.4 Finland
81%
11.8 Italy
80%
13.3 Australia
78%
13.2 New Zealand
75%
11.1 Ireland
71%
10.6 Greece
70%
13.0 Iceland
66%
11.1 Switzerland
62%
14.5 Turkey
52%
12.5 South Africa
51%
10.6 Thailand
34%
No matching quizzes found
Score Distribution
Percent of People with Each Score
Percentile by Number Answered
Your Score History
You have not taken this quiz